000 00780nam a2200241Ia 4500
001 9152
003 GE_BSU
008 181216s||||||||xx |||||||||||||| ||und||
020 _a9941916373
040 _cGE_BSU
080 _a821.353.1-31
100 _aმახარაძე,აკაკი
245 _aტრეფიკინგის მსხვერპლი
245 _bრომანი
245 _cრედ. ოთარ ფუტკარაძე.ოთარ ცინარიძე
260 _aთბილისი
260 _bგამ–ბა მარეთი
260 _c2014
300 _a148გვ.20სმ.
653 _aრომანი
653 _aტრეფიკინგის მსხვერპლი
942 _cBK
999 _c42456
_d42456